| 000 | 00455pam a2200157a 44500 | ||
|---|---|---|---|
| 008 | 230515b2013 xxu||||| |||| 00| 0 eng d | ||
| 020 | _aNULL | ||
| 041 | _aENGLISH | ||
| 082 | _aND | ||
| 100 | _aMS ANU FOUZDAR | ||
| 245 | _aA STUDY TO ASSESS THE EFFECT OF HEALTH TACHING REGARDING FIRST AID MANAGEMENT OF CHILDREN AMONG MOTHERS REGARDING IN SELCTED SUMS OF PCMC | ||
| 250 | _a0 | ||
| 260 |
_a _bDR D Y PATIL _c2013 |
||
| 300 | _a110 | ||
| 650 | _aNULL | ||
| 999 |
_c531006 _d531006 |
||